MDQL
is popping MORE tags! Check the
thread
!
Quizzes
Events
Quiz Creation
Community
Videos
Private Events
Remove Ads
Sign In
Join for FREE
Feedback
Dark Mode
Quiz Categories
Sports
Geography
Music
Movies
Television
Just For Fun
Miscellaneous
History
Literature
Language
Science
Gaming
Entertainment
Religion
Holiday
For Kids
Quiz Lab
Recent
Popular Today
Quiz Kudos Today
Editor Picks
Curator Picks
Quizzes by...
Day
Popularity
Type
Ratings
Length
Year
Community
Subscriptions
Recent Discussions
Orange Saloon
Badges
Playlists
Quests
Create
Leaderboards
Showdown
Live 5
Trivia Bingo
Activity
Puzzle Library
Sporcle Events
Private Events
Virtual Trivia
Globe League
Become a Host
Pub Owners
SporcleCon
Opinionation
Our Games
Videos
Blog
Mobile Apps
Partnerships
Remove Ads and Go Orange
Feedback
Sports
Athletes
MLB
NBA
NHL
NFL
Soccer
Sports Teams
WWE
NCAA
Football
Premier League
Basketball
Baseball
Hockey
Golf
Tennis
Cricket
Rugby
Auto Racing
Olympics
World Cup
Sports
Athletes
MLB
NBA
NHL
NFL
Soccer
Sports Teams
WWE
NCAA
Football
Premier League
Basketball
Baseball
Hockey
Golf
Tennis
Cricket
Rugby
Auto Racing
Olympics
World Cup
Random Quiz
Search Sporcle
×
Quiz Lab
Quiz Lab
Sports
nickname
Type in answers that appear in a list
Type in answers that appear in a list
Classic
Best Score? Go Orange.
Ultimate Sports Nickname Quiz Stats
Can you name the Ultimate Sports Nickname Quiz?
By
JPARROCKS0816
15m
66 Questions
160 Plays
160 Plays
160 Plays
Comments
Comments
Give Quiz Kudos
Give Quiz Kudos
-
- Ratings
hide this ad
More Info
Replay
Link that replays current quiz
Next Quiz
Link to next quiz in quiz playlist
You Got
0%
They Got
Avg Score
34%
Avg Friend Score
Upgrade to see
Score Distribution
Jump to the score distribution portion of the page
Score
0/66
Timer
15:00
0
Plays Today
Nickname
Player
% Correct
Charlie Hustle
Pete Rose
78%
The Zen Master
Phil Jackson
76.1%
Satchel
LeRoy Paige
73.6%
Too Tall
Ed Jones
70.4%
The Admiral
David Robinson
69.8%
Spud
Anthony Webb
68.6%
Pistol
Pete Maravich
67.9%
Mr. November
Derek Jeter
64.8%
Tiger
Eldrick Woods
64.2%
The Juice
O.J. Simpson
62.9%
Mr. Cub
Ernie Banks
62.3%
Alexander the Great
Alex Ovechkin
61%
Iron Mike
Mike Tyson
60.4%
Neon
Deion Sanders
59.1%
Sid the Kid
Sidney Crosby
58.5%
The Worm
Dennis Rodman
56.6%
The Splendid Splinter
Ted Williams
54.1%
The Human Highlight Reel
Dominique Wilkins
52.2%
The Golden Bear
Jack Nicklaus
51.6%
Left
Phil Mickelson
50.3%
Ice Borg
Bjorn Borg
48.4%
The King of Clay
Rafael Nadal
46.5%
King George
George Foreman
44%
Doc
Dwight Gooden
43.4%
St. Patrick
Patrick Roy
43.4%
The Shark
Greg Norman
42.1%
The Swiss Maestro
Roger Federer
40.9%
CB4
Chris Bosh
40.3%
Flash
Dwayne Wade
39.6%
Joe Cool
Joe Montana
38.4%
Chucky
Jon Gruden
37.7%
Big Cat
Andres Galarraga
37.1%
The Wizard of Westwood
John Wooden
36.5%
Nickname
Player
% Correct
Pronk
Travis Hafner
35.8%
El Nino
Sergio Garcia
35.8%
Djoker
Novak Djokovic
35.2%
The Messiah
Mark Messier
32.7%
Slash
Kordell Stewart
32.1%
Monty
Collin Montgomery
31.4%
Terrific
Tom Seaver
29.6%
The Missle
Quadry Ismail
28.3%
The Las Vegas Kid
Andre Agassi
28.3%
Boo
Thomas Weekley
22%
Fast
Willie Parker
18.9%
Golden Boy
Oscar de la Hoya
18.2%
Big Daddy
Cecil Fielder
17%
Fraulein Forehand
Steffi Graf
16.4%
Thunder
Dan Majerle
13.8%
Foppa
Peter Forsberg
13.2%
Gentleman Joe
Joe Sakic
12.6%
The Executioner
Bernard Hopkins
11.3%
Pistol Pete
Pete Samprass
8.2%
The Pink Panther
Paula Creamer
7.5%
Razor
Rob Ray
6.9%
Mr. Ed
John Elway
5.7%
Lou
Roberto Luongo
4.4%
Brick
D'Brickashaw Ferguson
3.8%
The Drummer Boy
Sonny Liston
2.5%
The Kid
Steve Cauthen
1.9%
Boom-
Boom
Bernie Geoffrin
1.3%
Mo
Mike Modano
1.3%
Smokin' Jo Willy
Jo-Wilfred Tsongo
1.3%
The Grouch
Padraig Harrington
0.6%
Shy Prince
Ryo Ishikawa
0.6%
Juju
Justin Henin
0.6%
Sliderman
Gael Monfils
0.6%
Quiz Playlist
Details
Report
Send in Message
Add To Playlist
More Info:
I love nicknames! They stay with you forever. For some people that's not a good thing!
Classic:
Type in answers that appear in a list
Quiz Source
Last Updated: Feb 16, 2017
Quiz Scoreboard
CHALLENGE
Sign Up to Join the Scoreboard
Show All
Scores
Hide
Comments
May contain spoilers
Recently Published
1-10 Letter E Words III
by El_Dandy
Language
2m
Street Fighter Characters
by Artimus82
Gaming
60s
College Basketball Coaching Resumes
by pancakes188
Sports
9m
More to Explore
Quiz From the Vault
Featured Blog Post
Where Did the Easter Bunny Come From?
hide this ad
You Might Also Like...
Tags
nickname
Player
ultimate
Today's Top Quizzes in Sports
Browse Sports
hide this ad
Today's Top Quizzes in nickname
Browse nickname
Top Contributed Quizzes in Sports
1
2022 World Cup Stars
2
Les meilleurs buteurs des matchs entre le PSG et l’OM
3
FIFA Club World Cup Champions
4
Les entraîneurs de l'OM et du PSG au 21e siècle
5
Criteria MLB: Left Handed Sluggers
6
2023 MLB Unique Player Accomplishments
7
AFC Teams Reveal (Wrong Answers Minefield)
8
Players with Multiple 50 Home Run Seasons
9
5-to-1: FBS Animal Nicknames
10
5-to-1: UK Sports Teams
Explore More
Trending Topics
Harry Potter
Kpop
NBA
Marvel
Anime
Crossword
Disney
Soccer
Pokémon
NFL
WWE
Puzzle
The Office
Country
Song
hide this ad
More By:
JPARROCKS0816
Quiz
Plays
Rating
Category
Featured
Created
2010 Top 100 Ranked Players (NFL.com)
614
1.88
Sports
Aug 17, 2010
Most Hits (Active MLB Players)
568
2.75
Sports
Oct 9, 2010
NFL Players Jersey #
566
1.00
Sports
Nov 14, 2010
Most NBA Championship Rings
397
3.50
Sports
Jul 28, 2010
Game Show by Host
275
1.82
Sports
Aug 19, 2010
Go to Creator's Profile
Score Distribution
Quiz Creator Spotlight
JPARROCKS0816
Follow
Send a Message
Quizzes Created
-
Created Quiz Play Count
-
More By This Creator
Popular Quizzes Today
1
Find the US States - No Outlines Minefield
2
Find the Countries of Europe - No Outlines Minefield
3
The Countries of the World
4
Find the US States
5
Risky Map Clicking: Biggest States A-Z
6
US States
7
Popular People in 1961
8
Movies - When Are They Set?
More Sports Quizzes
Within 10,000 Points of LeBron James
Published
Trending Quizzes
Risky Map Clicking: Least Populous States A-Z
1-10 Letter G Words
USA Borders Longest to Shortest
1-10 Letter F Words
Countries of the World: 200 Million BC
Recently Updated
Leaping Animals
pecheneg
Reality TV Shows (A-Z)
bhenderson79
Rickey Henderson's Hall of Fame Teammates
pecheneg
Champions League XIs: Arsenal
pecheneg
Quick Pick: Celebrities in WWE's Hall of Fame
aduchscher
A-Z Keypad Blitz II
pecheneg
Multiple Oscar Actors
pecheneg
Mystery Phrase Blitz: Oscar 'Best Actors'
pecheneg
F. Scott Fitzgerald Novels
LTH
Pick 3 Villains
ddd62291
Trending Topics
Disney
Kpop
Anime
Marvel
NBA
Crossword
Harry Potter
Puzzle
Soccer
Country
NFL
Song
The Office
WWE
Pokémon
Your Account Isn't Verified!
In order to create a playlist on Sporcle, you need to verify the email address you used during registration. Go to your
Sporcle Settings
to finish the process.
Report this User
Report this user for behavior that violates our
Community Guidelines
.
Details:
Send Report
Go to the Sporcle.com Mobile Site →
Comments